000 00612nam a22001817a 4500
005 20230817143246.0
040 _curs
050 _aDS 675.8 R5 O23 2012
100 _aOcampo, Ambeth R.,
_eauthor.
_92888
245 _aRizal without the overcoat
_bin commemoration of Jose Rizal's 150th birth anniversary
_cAmbeth R. Ocampo
260 _aMandaluyong City
_bAnvil Publishing, Inc.
_c2012
336 _2rdacontent
_atext
_btxt
337 _2rdamedia
_aunmediated
_bn
338 _2rdacarrier
_avolume
_bnc
600 0 _92846
_aRizal, Jose, 1861-1896
650 0 _aHeroes
_zPhilippines
_xBiography.
_92889
942 _2lcc
_cF
999 _c59248
_d59248